00760nam a2200217Ia 4500999001500000020001800015082001600033245010500049260002800154300001500182440003800197504001900235650003000254650001700284650003500301650002200336700003000358700002600388942000700414952012100421 c8934d8934 a9781138222243 a341.48 HUM- 0aHuman rights and the dark side of globalisation: transnational law enforcement and migration control aLondonbRoutledgec2017 axiii, 365p aRoutledge studies in human rights aincludes index aEmigration and imigration aHuman rights aHuman rights and globalisation aInternational law aGammeltoft-Hansen, Thomas aVedsted-Hansen, Jens cBK 00104070aNASSDOCbNASSDOCd2017-03-31eOPi2017-03-21l0o341.48 HUM-p49219r2019-04-18 00:00:00w2019-04-18yBK